| 000 | 00825na a2200253 4500 | ||
|---|---|---|---|
| 001 | 14327 | ||
| 003 | MIRAKIL | ||
| 005 | 20181213154856.0 | ||
| 008 | 161014b tu 000 0 | ||
| 020 | _a9751605342 | ||
| 035 | _a14327 | ||
| 040 |
_aMilas _btur _cTR-AnCHP |
||
| 082 |
_a297.09 _bÇ23i 1993 |
||
| 090 | _a297.09 Ç23i 1993 | ||
| 100 | _aÇağatay, Neşet | ||
| 245 |
_aİslam tarihi _bBaşlangıçtan Abbasilere kadar (dini- içtimai- iktisadi- siyasi açıdan) _cNeşet Çagatay |
||
| 246 | _aBaşlangıçtan Abbasilere kadar (dini- içtimai- iktisadi- siyasi açıdan) | ||
| 260 |
_aAnkara _bTürk Tarih Kurumu Basımevi _c1993 |
||
| 300 |
_a581 s. _bhrt. _c23 sm. |
||
| 490 |
_aTürk Tarih Kurumu Yayınları _v150 |
||
| 504 | _aKaynakça ve dizin var. | ||
| 650 |
_aİslam _xTarih |
||
| 942 |
_2ddc _cBKS |
||
| 999 |
_c2414 _d2414 |
||